000 00566nam a2200217Ia 4500
003 OSt
005 20220928145140.0
006 a|||||r|||| 00| 0
007 ta
008 220927b |||||||| |||| 00| 0 eng d
024 _a79195
037 _cTextual
040 _aSDCL
_cSDCL
_beng
041 _2eng
_aeng
082 _aO-,3M12,1, K8
100 _aDickens Charles
245 0 _aLife and adventure of Martin Chuzzlewit. Ed by P N Furbank.
260 _c1968
942 _hO-,3M12,1, K8
_cTEXL
_2CC
999 _c832313
_d832313